000 00419nam a2200205Ia 4500
001 000656
003 YMCAF
005 20230512160029.0
008 100717s1971 ||||||||||||||||| ||und|d
024 _a656
035 _a639
040 _aYMCAF
_beng
_cIN-KoLT
041 _aeng
082 _aI.S-ISI
100 _aISI
245 0 _aI.S. SPECFICATION FOR ICE CAN
260 _c1971
300 _a4
942 _2ddc
_cBK
999 _c527
_d527